000 00272nam a22001217a 4500
008 170303b xxu||||| |||| 00| 0 eng d
041 _aeng
080 _a575
100 _a6
101 _aSHM
245 _aSEXUALITY AND THE GENTICS OF BACTERIA
_cJACOB, F
942 _2udc
_cBK
999 _c6775
_d6775